Les chansons de Guy2Bezbar - Mort subite - Statistiques

Statistiques générales
  • Ce quiz a été pris 219 fois
  • Le résultat moyen est 4 sur 10
Answers on the Grid
Answers color-coded by a green-red scale on the quiz's grid according to % correct below.
Monaco
ON DÉGAINE
Business
OPÉRATION DRAGON #1
OPÉRATION DRAGON #3
OPÉRATION DRAGON #4
Andorre
POP
HELLO
BYE
DIS-MOI
DIS-NOUS
TOUT L'ÉTÉ
TOUT L'HIVER
QUI SAIT ?
ENCORE
 
Statistiques - réponses
Réponse % Correct
Monaco
75%
ON DÉGAINE
63%
OPÉRATION DRAGON #1
53%
OPÉRATION DRAGON #3
48%
DIS-MOI
42%
Business
41%
TOUT L'ÉTÉ
30%
HELLO
29%
ENCORE
24%
POP
23%
Aucun quiz correspondant
Distribution des résultats
% des personnes avec chaque résultat
Percentile par nombre de réponses
Votre historique - résultats
Vous n’avez pas pris ce quiz